Premier League, EFL and National League Managers 2025/2026 - Statistics

General Stats
  • This quiz has been taken 42 times
    24 since last reset
  • The average score is 52 of 167
Answer Stats
Division Club Manager % Correct
Premier League Liverpool Arne Slot
100%
Premier League Arsenal Mikel Arteta
100%
Premier League Manchester City Pep Guardiola
100%
Premier League Manchester United Ruben Amorim
100%
Premier League Tottenham Thomas Frank
100%
Premier League Everton David Moyes
94%
Premier League Newcastle Eddie Howe
94%
Premier League Chelsea Enzo Maresca
94%
Championship Coventry Frank Lampard
94%
Premier League Fulham Marco Silva
94%
Premier League Aston Villa Unai Emery
94%
Premier League AFC Bournemouth Andoni Iraola
89%
Premier League Leeds Daniel Farke
89%
Premier League Nottingham Forest Nuno Espirito Santo
89%
Premier League Crystal Palace Oliver Glasner
89%
Premier League Brighton Fabian Hurzeler
83%
Premier League West Ham Graham Potter
83%
Premier League Sunderland Regis Le Bris
83%
Premier League Burnley Scott Parker
83%
Championship Ipswich Kieran McKenna
78%
Premier League Wolves Vitor Pereira
78%
Premier League Brentford Keith Andrews
72%
Championship Charlton Nathan Jones
72%
Championship Wrexham Phil Parkinson
72%
National League Altrincham Phil Parkinson
72%
League One Blackpool Steve Bruce
72%
League One Plymouth Tom Cleverley
72%
Championship Derby John Eustace
67%
Championship Middlesbrough Rob Edwards
67%
Championship West Brom Ryan Mason
67%
League One AFC Wimbledon Johnnie Jackson
61%
National League Carlisle Mark Hughes
61%
Championship Preston Paul Heckingbottom
61%
Championship Blackburn Valerien Ismael
61%
League Two Newport David Hughes
56%
League Two Swindon Ian Holloway
56%
Championship Leicester Marti Cifuentes
56%
League One Luton Matt Bloomfield
56%
Championship Millwall Alex Neil
50%
League One Peterborough Darren Ferguson
50%
Championship Portsmouth John Mousinho
50%
Championship Norwich Liam Manning
50%
Championship Stoke Mark Robins
50%
League Two Fleetwood Pete Wild
50%
Championship Sheffield United Ruben Selles
50%
Championship Southampton Will Still
50%
National League North Marine Bobby Grant
44%
Championship Birmingham Chris Davies
44%
League One Port Vale Darren Moore
44%
Championship Oxford Gary Rowett
44%
National League North King's Lynn James Rowe
44%
National League Eastleigh Kelvin Davies
44%
League One Huddersfield Lee Grant
44%
National League South Slough Scott Davies
44%
League One Cardiff Brian Barry-Murphy
39%
Championship Bristol City Gerhard Struber
39%
League One Bradford Graham Alexander
39%
League One Doncaster Grant McCann
39%
Championship Sheffield Wednesday Henrik Pedersen
39%
League Two Cambridge Neil Harris
39%
League One Leyton Orient Richie Wellens
39%
League One Wigan Ryan Lowe
39%
League Two Harrogate Simon Weaver
39%
League One Bolton Steven Schumacher
39%
League One Barnsley Conor Hourihane
33%
League Two Colchester Danny Cowley
33%
League Two Bristol Rovers Darrell Clarke
33%
League One Stockport Dave Challinor
33%
League Two Grimsby David Artell
33%
League Two Gillingham Gareth Ainsworth
33%
League One Burton Gary Bowyer
33%
League Two Salford Karl Robinson
33%
League One Lincoln Michael Skubala
33%
League Two Oldham Micky Mellon
33%
League One Mansfield Nigel Clough
33%
League Two MK Dons Paul Warne
33%
Championship Swansea Alan Sheehan
28%
League One Exeter Gary Caldwell
28%
Championship QPR Julien Stephan
28%
League One Northampton Kevin Nolan
28%
League Two Walsall Mat Sadler
28%
League Two Chesterfield Paul Cook
28%
National League Forest Green Robbie Savage
28%
League Two Crawley Scott Lindsey
28%
League Two Bromley Andy Woodman
22%
League Two Crewe Lee Bell
22%
League Two Shrewsbury Michael Appleton
22%
Championship Hull Sergej Jakirovic
22%
League One Stevenage Alex Revell
17%
League Two Tranmere Andy Crosby
17%
League Two Barrow Andy Whing
17%
League Two Barnet Dean Brennan
17%
League Two Accrington John Doolan
17%
National League North Macclesfield John Rooney
17%
National League Boreham Wood Luke Garrard
17%
National League South Dorking Marc White
17%
National League Yeovil Mark Cooper
17%
League Two Notts County Martin Paterson
17%
League Two Cheltenham Michael Flynn
17%
League One Wycombe Mike Dodds
17%
League One Reading Noel Hunt
17%
Championship Watford Paulo Pezzolano
17%
National League North Radcliffe Anthony Johnson
11%
National League Brakley Gareth Dean
11%
National League South Hemel Hempstead Leeds Allinson
11%
League One Rotherham Matt Hamshaw
11%
National League Solihull Matt Taylor
11%
National League North Merthyr Paul Michael
11%
National League South Maidenhead Alan Devonshire
6%
National League Gateshead Alun Armstrong
6%
National League Scunthorpe Andy Butler
6%
National League Morecambe Ashvir Singh Johal
6%
National League North Chester Calum McIntyre
6%
National League North Southport Neil Danns
6%
National League North Hereford Paul Caddis
6%
National League Sutton Steve Morison
6%
National League York Adam Hinshelwood
0%
National League Halifax Adam Lakeland
0%
National League North Kidderminster Adam Murray
0%
National League South Hampton & Richmond Alan Julian
0%
National League Tamworth Andy Peaks
0%
National League North Chorley Andy Preece
0%
National League South Chelmsford Angelo Harrop
0%
National League North Radcliffe Bernard Morley
0%
National League North Alfreton Billy Heath
0%
National League South Salisbury Brian Dutton
0%
National League South Worthing Chris Agutter
0%
National League North AFC Fylde Craig Mahon
0%
National League South Tonbridge Craig Nelson
0%
National League North Worksop Craig Parry
0%
National League South Bath Darren Way
0%
National League South Hornchurch Daryl McMahon
0%
National League South Horsham Dominic di Paola
0%
National League South Chippenham Gary Horgan
0%
National League South Enfield Gavin MacPherson
0%
National League South Maidstone George Elokobi
0%
National League Braintree George Langston
0%
National League North Spennymoor Graeme Lee
0%
National League Boston Graham Coughlan
0%
National League North South Shields Ian Watson
0%
National League South Dover Jake Leberl
0%
National League South Chesham James Duncan
0%
National League Rochdale Jim McNulty
0%
National League South AFC Totton Jimmy Ball
0%
National League Truro John Askey
0%
National League North Buxton John McGrath
0%
National League North Scarborough Jonathan Greening
0%
National League South Ebbsfleet Josh Wright
0%
National League Southend Kevin Maher
0%
National League North AFC Telford Kevin Wilkin
0%
National League North Bedford Lee Bircham
0%
National League South Dagenham & Redbridge Leeds Bradbury
0%
National League North Peterborough Sports Luke Steele
0%
National League North Curzon Ashton Mark Bradshaw
0%
National League South Eastbourne Matt Gray
0%
National League North Peterborough Sports Michael Gash
0%
National League South Chesham Michael Murray
0%
National League Woking Neal Ardley
0%
National League North Leamington Paul Holleran
0%
National League South Torquay Paul Wotton
0%
National League North Oxford City Ross Jenkins
0%
National League Wealdstone Sam Cox
0%
National League South Weston-super-Mare Scott Bartlett
0%
National League Hartlepool Simon Grayson
0%
National League South Farnborough Spencer Day
0%
National League North Darlington Steve Watson
0%
National League Aldershot Tommy Widdrington
0%
No matching quizzes found
Score Distribution
Percent of People with Each Score
Percentile by Number Answered
Your Score History
You have not taken this quiz since the last reset